| 000 | 00673cam a22001691 4500 | ||
|---|---|---|---|
| 082 | 0 | 0 |
_a621.3126 _bSEM _cL-10,P-59 |
| 100 | 1 |
_aSemenov, Leontiĭ Grigorʹevich. _941299 |
|
| 245 | 1 | 0 |
_aStorage batteries maintenance manual _c[by] L. Semyonov. Translated from the Russian by A. Tchernukhin. |
| 260 |
_aMoscow, _bMir Publishers, _c1967. |
||
| 300 |
_a270 p. with illus. _c21 cm. |
||
| 500 | _a"Revised from the 1964 Russian edition." | ||
| 500 | _aTranslation of Ėlektromonter-akkumuli︠a︡torshchik (romanized form) | ||
| 526 |
_a0 _b0 _c0 _d621_312600000000000_SEM |
||
| 650 | 0 |
_aMCE _9379 |
|
| 650 | 0 |
_aStorage batteries _xMaintenance and repair. _941300 |
|
| 942 |
_2ddc _cBK |
||
| 999 |
_c545445 _d545445 |
||